Estadísticas para Países Budistas

Haz click aquí para intentar la prueba.

Estadísticas generales

  • Esta prueba ha sido intentada 4.195 veces
    (3.682 desde el último reinicio)
  • La puntuación promedio es 12 de 14

Estadísticas de respuestas

% BudistaPaís% Correcto
18.2China
98%
36.2Japón
92%
93.2Tailandia
89%
16.4Vietnam
89%
66.0Laos
88%
96.9Camboya
85%
74.7Bután
84%
22.9Corea del Sur
84%
80.1Myanmar
84%
17.7Malasia
82%
55.1Mongolia
78%
33.9Singapur
75%
21.3Taiwán
75%
69.3Sri Lanka
70%

Distribución de puntuación

Porcentaje por número respondido

Porcentaje de gente con cada puntuación

Historial de tus puntuaciones

No has intentado esta prueba desde el último reinicio